Hallgatói lemorzsolódás a felsőoktatásban elméleti, magyarázati utak és kutatási eredmények összefoglalása /

A hallgatói lemorzsolódás olyan probléma, amely különböző mértékben minden felsőoktatási intézményt érint, épp ezért a jelenség mögött meghúzódó okok feltárása és a lehetséges megoldások keresése minden felsőoktatási szereplő érdeke. Mivel a jelenség nemzetközi viszonylatban is általános, világszert...

Teljes leírás

Elmentve itt :
Bibliográfiai részletek
Szerzők: Miskolczi Péter
Bársony Fanni
Király Gábor
Dokumentumtípus: Cikk
Megjelent: Szegedi Tudományegyetem, Bölcsészet- és Társadalomtudományi Kar Szeged 2018
Sorozat:Iskolakultúra 28 No. 3-4
Kulcsszavak:Felsőoktatás
Online Access:http://misc.bibl.u-szeged.hu/46215
LEADER 01898nab a2200217 i 4500
001 misc46215
005 20191106140402.0
008 190109s2018 hu o 0|| zxx d
022 |a 1215-5233 
040 |a SZTE Miscellanea Repozitórium  |b hun 
041 |a zxx 
100 1 |a Miskolczi Péter 
245 1 0 |a Hallgatói lemorzsolódás a felsőoktatásban   |h [elektronikus dokumentum] :  |b elméleti, magyarázati utak és kutatási eredmények összefoglalása /  |c  Miskolczi Péter 
260 |a Szegedi Tudományegyetem, Bölcsészet- és Társadalomtudományi Kar  |b Szeged  |c 2018 
300 |a 87-105 
490 0 |a Iskolakultúra  |v 28 No. 3-4 
520 3 |a A hallgatói lemorzsolódás olyan probléma, amely különböző mértékben minden felsőoktatási intézményt érint, épp ezért a jelenség mögött meghúzódó okok feltárása és a lehetséges megoldások keresése minden felsőoktatási szereplő érdeke. Mivel a jelenség nemzetközi viszonylatban is általános, világszerte számos kutatás igyekezett és igyekszik napjainkban is feltárni, mi áll a hallgatók korai intézményelhagyásának hátterében. Mint ahogy maga a lemorzsolódás jelensége, az okok is összetettek és interdiszciplináris megközelítést igényelnek. Néhány fontosabb külföldi és hazai irodalmat áttekintve tanulmányunkban arra törekszünk, hogy összefoglaljuk a lemorzsolódás okainak főbb elméleteit, majd a gazdasági, szociológiai, pedagógiai és pszichológiai, intézményi magyarázatok bemutatása után áttekintünk néhány olyan beavatkozási lehetőséget, amelyek az empirikus eredmények alapján alkalmasnak tűnnek a felsőoktatási lemorzsolódás visszaszorítására. 
695 |a Felsőoktatás 
700 0 1 |a Bársony Fanni  |e aut 
700 0 1 |a Király Gábor  |e aut 
856 4 0 |u http://misc.bibl.u-szeged.hu/46215/1/iskolakultura_2018_003_004_087-105.pdf  |z Dokumentum-elérés